<?xml version="1.0" encoding="UTF-8"?>
<marc:record xmlns:marc="http://www.loc.gov/MARC21/slim">
   <marc:leader>00000nam a2200000 a 4500</marc:leader>
   <marc:datafield ind1="1" ind2=" " tag="100">
      <marc:subfield code="a">Vollenbruch, Astrid</marc:subfield>
      <marc:subfield code="4">aut</marc:subfield>
      <marc:subfield code="e">Verfasser/-in</marc:subfield>
   </marc:datafield>
   <marc:datafield ind1="0" ind2="0" tag="245">
      <marc:subfield code="a">Einhornzauber</marc:subfield>
   </marc:datafield>
   <marc:datafield ind1="0" ind2="0" tag="245">
      <marc:subfield code="c">Astrid Vollenbruch</marc:subfield>
   </marc:datafield>
   <marc:datafield ind1=" " ind2="1" tag="264">
      <marc:subfield code="a">Stuttgart</marc:subfield>
      <marc:subfield code="b">Kosmos</marc:subfield>
      <marc:subfield code="c">2009</marc:subfield>
   </marc:datafield>
   <marc:datafield ind1="1" ind2=" " tag="520">
      <marc:subfield code="a">Angaben aus der Verlagsmeldung

Die Insel der Nebelkönige / von Astrid Vollenbruch

Entgegen Nachtfrosts Rat macht sich Sonja auf den Weg zur Insel der Nebelkönige. Dort muss sie die Königin der Ava befreien und die Dämonen endgültig besiegen. Doch das ist in der Prophezeiung so nicht vorgesehen... "Ihr werdet uns nie besiegen", sagte die Königin. "Wir sind überall, und wir sind die Zukunft dieser Welt." Einhornzauber - eine Geschichte um ein schwarzes Einhorn namens Nachtfrost, die Freundinnen Sonja und Melanie und den "Spürer", einen Mann mit finsteren Absichten. Die Geschichte spielt in zwei Welten: in unserer Welt und in der Welt Parva. Sonja und Melanie verschlägt es nach Parva, und sie müssen sehr über sich hinauswachsen, um ihre Aufgaben zu erfüllen und wieder nach Hause zu kommen. Dabei hilft ihnen Nachtfrost, der als Bote der Göttin Aruna mit magischen Kräften ausgestattet ist. Eine seiner Kräfte besteht darin, die "Nebelbrücke" zu erschaffen: das Portal zwischen den Welten. In beiden Welten treffen Sonja und Melanie viele seltsame Gestalten. Brückenwächterinnen und Trolle, Werwölfe und das "Kleine Volk", ganz normale Menschen und Wesen von uralter Macht kreuzen ihren Weg. Nicht alle sind das, was sie zu sein scheinen, und nicht immer sind Freund und Feind klar voneinander zu unterscheiden. Aber auch die "wirkliche" Welt fordert Beachtung. Familie und Freunde, Schule und die erste Liebe: der Einhornzauber begleitet Sonja und Melanie ein Stück weit auf ihrem Weg zum Erwachsenwerden.
</marc:subfield>
   </marc:datafield>
   <marc:datafield ind1=" " ind2=" " tag="020">
      <marc:subfield code="a">9783867061544</marc:subfield>
      <marc:subfield code="9">9783867061544</marc:subfield>
   </marc:datafield>
   <marc:datafield ind1=" " ind2=" " tag="041">
      <marc:subfield code="a">ger</marc:subfield>
   </marc:datafield>
   <marc:datafield ind1=" " ind2=" " tag="300">
      <marc:subfield code="a">191 S.</marc:subfield>
   </marc:datafield>
</marc:record>
